000 00804nam a2200205 i 4500
001 180508
003 ES-MaACL
005 20230906221121.0
008 120608s1973 sp |||| | spa d
080 _a629.12:667.61(043.2)
080 _a667.61:629.12(043.2)
100 1 _aUño Estany, Pedro.
_9150449
245 1 0 _aContribución al estudio del comportamiento de sistemas de pinturas submarinas con la protección catódica /
_cpor Pedro Uño Estany.
260 _aBarcelona :
_bUniversidad de Barcelona, Secretariado de Publicaciones, Intercambio Científico y Extensión Universitaria,
_c1973.
300 _a15 p. ;
_c24 cm.
502 _aTesis-Universidad de Barcelona (Extracto)
650 4 _aBarcos.
_9135671
710 2 _aUniversidad de Barcelona.
_97141
852 _aES-MaACL
_jE-15362(95)
999 _c180508
_d180508